000 00510nam a2200169Ia 4500
999 _c26968
_d26968
003 OSt
005 20231215101658.0
008 190216s9999||||xx |||||||||||||| ||und||
040 _coclc
082 _a894.8124
_bAZH/P
100 0 _aAzheekode, Sukumar
_d1926-2012
_91868
245 0 _aPurogamana Sahithyavum Mattum /
_cSukumar Azhikode
260 _bPoorna Publication,
_aKozhikode:
_c1990.
300 _a170p
650 _aLekhanam
942 _cBK
_2ddc
_h894.8124
_iAZH/P
_k894.8124
_mAZH/P